Search the Library Catalogue
| 000 -LEADER | |
|---|---|
| fixed length control field | 00830nam a2200193Ia 4500 |
| 008 - FIXED-LENGTH DATA ELEMENTS--GENERAL INFORMATION | |
| fixed length control field | 191130s2008##################000#0#eng## |
| 020 ## - INTERNATIONAL STANDARD BOOK NUMBER | |
| ISBN | 9780077443535 |
| 082 ## - DEWEY DECIMAL CLASSIFICATION NUMBER | |
| Classification number | 650.01513 SLA |
| 100 ## - MAIN ENTRY--AUTHOR NAME | |
| Personal name | Slater, Jeffrey |
| 245 ## - TITLE STATEMENT | |
| Title | Practical business math procedures |
| Statement of responsibility, etc | Jeffrey Slater |
| 250 ## - EDITION STATEMENT | |
| Edition statement | 10th ed |
| 260 ## - PUBLICATION, DISTRIBUTION, ETC. (IMPRINT) | |
| Place of publication | Boston, MA |
| Name of publisher | McGraw-Hill/Irwin |
| Year of publication | c2008 |
| 500 ## - GENERAL NOTE | |
| General note | Includes index. Accompanied by: Business math handbook and a four folded page insert. System requirements for accompanying computer disc: PC Pentilum based processor or equivalent; Microsoft Windows 2000/XP, 512MB of RAM, Microsoft; Offixe XP or better; Internet Explorer 6 or better |
| 650 ## - SUBJECT ADDED ENTRY--TOPICAL TERM | |
| Topical Term | Business mathematics - Problems, exercises, etc |
| 991 ## - | |
| -- | 359656 |
| Withdrawn status | Lost status | Damaged status | Not for loan | Home library | Current library | Shelving location | Date acquired | Full call number | Accession Number | Price effective from | Koha item type |
|---|---|---|---|---|---|---|---|---|---|---|---|
| Anna Centenary Library | Anna Centenary Library | 6TH FLOOR, A WING | 15.10.2020 | 650.01513 SLA | 437355 | 15.10.2020 | English Books |